| 000 | 01040nam a2200289 i 4500 | ||
|---|---|---|---|
| 003 | DO-SdBNP | ||
| 005 | 20260601140040.0 | ||
| 007 | ta | ||
| 008 | 260601b2024 dr ||||| |||| 00| 0 spa d | ||
| 020 | _a9789945656923 | ||
| 040 |
_aDO-SdBNP _bspa _cBNPHU _erda |
||
| 041 | _aspa | ||
| 082 | 4 |
_axxx _bG216m _222 |
|
| 100 | 1 |
_aGarcía Cartagena, Manuel _eautor _4aut. _912067 |
|
| 245 | 1 | 0 |
_aManual para reventar silencios : _bensayos casi a tientas sobre sociedad, cultura y otras cosas oscuras / _cManuel García Cartagena. |
| 250 | _aPrimera edición | ||
| 264 |
_aSanto Domingo, República Dominicana : _bEditorial Santuario _c2025. |
||
| 300 |
_a351 páginas ; _c23 cm. |
||
| 336 |
_atexto _btxt _2rdacontent |
||
| 337 |
_asin mediación _bn _2rdamedia |
||
| 338 |
_avolumen _bnc _2rdacarrier |
||
| 500 | _aIncluye datos biográficos del autor en las solapas | ||
| 505 | _aManual para reventar silencios -- Glosas de sabiduría poética -- Presentaciones | ||
| 590 | _aInventariado, 2026 LP | ||
| 910 | _aLP | ||
| 942 |
_2ddc _cLBS1 |
||
| 999 |
_c60844 _d60844 |
||